| 000 -CABECERA |
| Longitud fija campo de control |
00627nam a2200205 a 4500 |
| 003 - IDENTIFICADOR DEL NÚMERO DE CONTROL |
| Identificador del número de control |
OSt |
| 005 - FECHA Y HORA DE LA ÚLTIMA TRANSACCIÓN |
| Fecha y hora de la última transacción |
20211123105203.0 |
| 008 - CÓDIGOS DE INFORMACIÓN DE LONGITUD FIJA |
| Códigos de información de longitud fija |
980219s1971 sp 000 spa |
| 016 ## - NÚMERO DE CONTROL DE UNA AGENCIA BIBLIOGRÁFICA NACIONAL |
| Fuente |
DL |
| Número de control del registro |
B. 24089-1971 |
| 040 ## - FUENTE DE LA CATALOGACIÓN |
| Centro catalogador de origen |
USA.FVI |
| Lengua de catalogación |
cat |
| Centro transcriptor |
CDMR |
| 100 1# - PUNTO DE ACCESO PRINCIPAL-NOMBRE DE PERSONA |
| Nombre de persona |
Hersh, Seymour M. |
| 245 10 - MENCIÓN DE TÍTULO |
| Título |
My Lai/4 : |
| Resto del título |
la guerra del Vietnam y la conciencia norteamericana / |
| Mención de responsabilidad, etc. |
Seymour M. Hersh |
| 260 ## - PUBLICACIÓN, DISTRIBUCIÓN, ETC. (PIE DE IMPRENTA) |
| Lugar de publicación, distribución, etc. |
Barcelona [etc.] : |
| Nombre del editor, distribuidor, etc. |
Grijalbo, |
| Fecha de publicación, distribución, etc. |
1971 |
| 300 ## - DESCRIPCIÓN FÍSICA |
| Extensión |
249 p |
| 490 0# - MENCIÓN DE SERIE |
| Mención de serie |
Colección Norte |
| 500 ## - NOTA GENERAL |
| Nota general |
Premi Pulitzer de periodisme 1970 |
| 650 07 - PUNTO DE ACCESO ADICIONAL DE MATERIA - TÉRMINO DE MATERIA |
| Término de materia o nombre geográfico como elemento inicial |
Guerra del Vietnam, 1961-1975 |
| 650 00 - PUNTO DE ACCESO ADICIONAL DE MATERIA - TÉRMINO DE MATERIA |
| Término de materia o nombre geográfico como elemento inicial |
Reportatges literaris |
| 9 (RLIN) |
797 |
| 942 ## - ENTRADA DE ELEMENTOS AGREGADOS (KOHA) |
| Fuente de clasificaión o esquema |
|
| Koha [por defecto] tipo de item |
Monografies |